Flaggen Europas - Invertiert - Statistiken

Allgemein
  • Dieses Quiz wurde 81 mal gespielt
  • Das Durchschnittsergebnis liegt bei 30 aus 45
Antwortstatistiken
Bildquiz Antwort % Korrekt
Vereinigtes Königreich
100%
Griechenland
95%
Schweden
95%
Spanien
95%
Portugal
93%
Norwegen
90%
Finnland
89%
Dänemark
84%
Island
84%
Albanien
82%
Schweiz
82%
Malta
77%
Nordmazedonien
77%
Vatikanstadt
77%
Kroatien
75%
Polen
75%
Bosnien und Herzegowina
74%
Kosovo
74%
Lettland
73%
Slowakei
73%
Tschechien
73%
Belarus
70%
Deutschland
68%
Frankreich
68%
Monaco
66%
Slowenien
64%
Liechtenstein
62%
Italien
60%
Montenegro
60%
Österreich
60%
San Marino
60%
Serbien
59%
Belgien
56%
Moldawien
55%
Andorra
52%
Russland
52%
Ukraine
52%
Irland
51%
Niederlande
49%
Rumänien
44%
Bulgarien
40%
Luxemburg
40%
Ungarn
40%
Litauen
36%
Estland
34%
Keine übereinstimmenden Quizze gefunden
Verteilung der Resultate
Anzahl Personen mit jedem Resultat
Perzentil nach korrekt beantworteten Fragen
Ihre Resultats-Entwicklung
Sie haben dieses Quiz noch nicht gespielt